000 00392nam a2200157Ia 4500
008 230312s9999||||xx |||||||||||||| ||und||
020 _a1-85617-932-4
082 _a629.134
_bMEG-A
100 _aMegson,T.H.G
245 0 _aAircraft Structural Analysis
260 _bElsevier
_aUSA
_c2010
300 _a638
546 _aEng.
650 _aAviation
_vAircraft Structural Analysis
942 _cBK
999 _c7300
_d7300